01459cam a22003494a 45000010009000000050017000090080041000260200026000670200022000930200018001150400028001330820019001611000020001802450072002002600054002723000027003264900055003535040064004086500062004726500056005346500013005906500014006036530022006176550024006398560072006638560086007358560074008219060045008959420019009409990017009599520133009761213133220150323113337.0000804s2001 enk b 001 0 eng  a0521793289 (hardback) a052179725X (pbk.) a9780521797252 aDLCcDLCdDLCdEG-ScBUE00a327.2bALB2221 aAlbin, Cecilia.10aJustice and fairness in international negotiation /cCecilia Albin. aCambridge :bCambridge University Press,cc.2001. axiii, 263 p. ;c24 cm. aCambridge studies in international relations ;v74 aIncludes bibliographical references (p. 232-253) and index. 0aDiplomatic negotiations in international disputes.915740 0aInternational relationsxMoral and ethical aspects. 0aJustice. 0aFairness. bBUSBOLcMarch2015 vreading book934232413Sample textuhttp://www.loc.gov/catdir/samples/cam031/00063008.html423Publisher descriptionuhttp://www.loc.gov/catdir/description/cam021/00063008.html413Table of contentsuhttp://www.loc.gov/catdir/toc/cam022/00063008.html a7bcbccorignewd1eocipf20gy-gencatlg 2ddck327.2 ALB c19094d19066 00102ddc40708BaccahaMAINbMAINc1STd2015-03-22epurchaseg320.00l0o327.2 ALBp000037706r2025-07-15 00:00:00v400.00yBB